| 000 | 02581cam a2200613 a 4500 | ||
|---|---|---|---|
| 001 | sjds388939 | ||
| 003 | sjds | ||
| 005 | 20180328215530.0 | ||
| 008 | 090327t20092009caua b 000 f eng | ||
| 010 | _z2006039624 | ||
| 020 |
_a9781582462707 (hardcover) : _c$14.99 |
||
| 020 |
_a1582462704 (hardcover) : _c$14.99 |
||
| 020 | _a1582462712 (pbk.) | ||
| 020 | _a9781582462714 (pbk.) | ||
| 035 |
_z(OCoLC)244065716 _z(OCoLC)300402458 |
||
| 035 | _a(OCoLC)317296531 | ||
| 040 |
_dUtOrBLW _csjds |
||
| 041 | 1 |
_aeng _aspa _heng |
|
| 049 | _aIFAA | ||
| 099 | _aESPANOL PICTURE BOOKS TAFOLLA 2009 | ||
| 999 |
_c19415 _d19415 |
||
| 999 | _bESPANOL PICTURE BOOKS TAFOLLA 2009 | ||
| 100 | 1 |
_aTafolla, Carmen, _d1951- _eauthor. |
|
| 245 | 1 | 0 |
_aQué puedes hacer con un rebozo? = _bWhat can you do with a rebozo? / _cby Carmen Tafolla ; illustrated by Amy Córdova. = �Qué puedes hacer con un rebozo? / por Carmen Tafolla ; ilustraciones de Amy Córdova. |
| 246 | 3 | 1 | _aWhat can you do with a rebozo? |
| 260 |
_aBerkeley [Calif.] : _bTricycle Press, _cc2009 |
||
| 264 | 1 |
_aBerkeley [Calif.] : _bTricycle Press, _c[2009] |
|
| 264 | 4 | _cc2009 | |
| 300 |
_a1 volume (unpaged) : _bcolor illustrations ; _c28 cm |
||
| 336 |
_atext _btxt _2rdacontent |
||
| 337 |
_aunmediated _bn _2rdamedia |
||
| 338 |
_avolume _bnc _2rdacarrier |
||
| 500 | _a2X2 Reading List, 2009 | ||
| 520 | _aA spunky young girl explains the many uses of her mother's red rebozo, a traditional Mexican woven shawl. | ||
| 520 | 8 | _aSumario en español: Una valiente niña explica los múltiples usos de el rebozo rojo de su madre, un chal tejido tradicional mexicano. | |
| 521 | 8 |
_aAD 670 _bLexile |
|
| 526 | 0 |
_aAccelerated Reader _bLG _c3.2 _d0.5 _z123524 |
|
| 546 | _aBilingual in English and Spanish. | ||
| 586 | 8 | _aA Junior Library Guild selection | |
| 650 | 0 |
_aMexican Americans _vJuvenile fiction. |
|
| 650 | 0 |
_aFamilies _vJuvenile fiction. |
|
| 650 | 0 |
_aShawls _vJuvenile fiction. |
|
| 650 | 0 |
_aImagination _vJuvenile fiction. |
|
| 650 | 0 |
_aStories in rhyme _vJuvenile literature. |
|
| 650 | 0 |
_aSpanish language materials _xBilingual _vJuvenile literature. |
|
| 650 | 7 |
_aMexicano-americanos _vNovela juvenil. _2bidex |
|
| 650 | 7 |
_aFamilia _vNovela juvenil. _2bidex |
|
| 650 | 7 |
_aChales y mantones _vNovela juvenil. _2bidex |
|
| 650 | 7 |
_aImaginación _vNovela juvenil. _2bidex |
|
| 650 | 7 |
_aCuentos en rima _vLiteratura juvenil. _2bidex |
|
| 650 | 7 |
_aMateriales bilingües en español _vLiteratura juvenil. _2bidex |
|
| 655 | 7 |
_a2X2 Reading List, 2009. _2local |
|
| 700 | 1 |
_aCórdova, Amy, _eillustrator. |
|
| 942 | _cBK | ||